| 000 | 00423nam a2200181Ia 4500 | ||
|---|---|---|---|
| 005 | 20240823014257.0 | ||
| 008 | 240823s9999||||xx |||||||||||||| ||und|| | ||
| 041 | _aENGLISH | ||
| 082 | _A616.8527 N0 | ||
| 100 | _a"Graham,Arthur" | ||
| 245 | 0 | _aDepression and Anxiety | |
| 250 | _a1st | ||
| 260 |
_c1990 _b"Pustak Mahal,Delhi" |
||
| 500 | _aTransfered | ||
| 650 |
_aDisease _bGeneral |
||
| 942 | _cBK | ||
| 999 |
_c169626 _d169626 |
||